Detalles MARC
| 000 -LEADER |
| longitud fija campo de control |
03133nam a22004217a 4500 |
| 003 - IDENTIFICADOR DE NUMERO DE CONTROL |
| control del campo |
AR-RoUNA |
| 005 - FECHA DE LA ULTIMA MODIFICACION |
| control del campo |
20251027114818.0 |
| 008 - CAMPO DE CONTROL - LIBROS |
| longitud fija campo de control |
251027b |||||||| |||| 00| 0 spa d |
| 040 ## - ORIGEN DE LA CATALOGACION |
| Agencia que cataloga la obra original |
AR-RoUNA |
| Idioma en que se cataloga |
spa |
| Entidad que modifico el registro |
AR-RoUNA |
| 041 ## - CODIGO DE IDIOMA |
| Codigo de idioma del texto / sonido o titulo separado |
spa |
| 044 ## - CODIGO DE PAIS / ENTIDAD PRODUCTORA |
| Codigo MARC del pais |
ag |
| 245 10 - TITULO PROPIAMENTE DICHO |
| Titulo |
Planes especiales. Segovia |
| Subtitulo |
: Ayuntamiento de Segovia. Seminario de urbanística de la Universidad de Valladolid / |
| Mencion de responsabilidad, etc |
Alfonso Alvarez Mora; Manuel Saravia Madrigal; Juan Luis de las Rivas Sanz; Cristina Tremiño San Emeterio. |
| 260 ## - EDITORIAL - PUBLICACION, DISTRIBUCION, ETC. (Pie de imprenta) |
| Lugar de publicacion, distribucion, etc |
Valladolid (España): |
| Nombre del editor, distribuidor, etc |
Ayuntamiento de Segovia, |
| Fecha de publicacion |
1991 |
| Nombre del impresor |
Taller Imagen (Segovia) |
| 300 ## - DESCRIPCION FISICA |
| Extension |
144 p.: |
| Otros detalles fisicos |
mapas, |
| -- |
fot. col., |
| Dimensiones |
21x30 cm. |
| 505 0# - NOTA DE CONTENIDO CON FORMATO |
| Título |
INDICE |
| 505 0# - NOTA DE CONTENIDO CON FORMATO |
| Título |
INTRODUCCION |
| 505 0# - NOTA DE CONTENIDO CON FORMATO |
| Título |
Centro histórico y totalidad urbana. El papel de los planes especiales en el comportamiento urbanístico global de la ciudad. p. 11 |
| 505 0# - NOTA DE CONTENIDO CON FORMATO |
| Título |
Revisión del plan parcial-espacial de la zona oriental del acueducto y barrio del Salvador. p. 31 |
| 505 0# - NOTA DE CONTENIDO CON FORMATO |
| Título |
Plan especial de protección histórico-artística. Paisaje y reforma interior del recinto amurallado de Segovia. p. 55 |
| 505 0# - NOTA DE CONTENIDO CON FORMATO |
| Título |
EL plan especial de protección histórico artística paisaje y reforma interior de San Lorenzo, Valle del Eresma y San Marcos. p. 75 |
| 505 0# - NOTA DE CONTENIDO CON FORMATO |
| Título |
Plan especial extramuros. p. 91 |
| 505 0# - NOTA DE CONTENIDO CON FORMATO |
| Título |
Plan especial de San Antonio el Real y cuarteles base mixta. p. 103 |
| 505 0# - NOTA DE CONTENIDO CON FORMATO |
| Título |
P.E.R.I. del barrio de la estación y zona industrial N-603. p. 117 |
| 505 0# - NOTA DE CONTENIDO CON FORMATO |
| Título |
Plan Especial de protección del paisaje del polígono de las lastras. p. 125 |
| 505 0# - NOTA DE CONTENIDO CON FORMATO |
| Título |
Unidad de actuación: Velódromo-altos de la piedad. p. 129 |
| 505 0# - NOTA DE CONTENIDO CON FORMATO |
| Título |
Estudios de detalle y unidades de actuación en los núcleos urbanos de Zamarramala, Madrona, Fuentemilanos, Hontoria y Revenga. p. 137 |
| 520 3# - NOTA DE RESUMEN |
| Nota de resumen, etc. |
En diciembre de 1984 el Ayuntamiento de Segovia aprobó con carácter definitivo el Plan General de Ordenación Urbana para su término municipal, dicho Plan preveía la formulación de Planes Especiales para las áreas que a tal fin delimitaba. Dada la necesidad de solucionar, de forma eficaz, el planeamiento derivado previsto por el Plan General, se crea la Oficina Técnica de Planeamiento a la que se encarga la redacción de dichos trabajos que se aúnan en un único documento y en un solo ámbito de aplicación. Dicho documento consigue únicamente la aprobación en su etapa de avance, preveyéndose la dificultad de su aprobación definitiva dada la excesiva superficie de delimitación y por lo tanto la concurrencia de excesivos conflictos a resolver. Es por ello que se propone por parte del Ayuntamiento, en octubre de 1989, un nuevo concurso con la modificación de la delimitación única y la propuesta de nuevos planes especiales. |
| 650 #4 - MATERIA - TERMINO TEMATICO |
| Término temático general |
Urbanismo |
| 651 #4 - MATERIA - NOMBRE GEOGRAFICO |
| Termino geografico |
Segovia (España) |
| 9 (RLIN) |
18574 |
| 700 1# - ENTRADA SECUNDARIA - NOMBRES PERSONALES |
| Nombre personal |
Alvarez Mora, Alfonso |
| 9 (RLIN) |
26778 |
| 700 1# - ENTRADA SECUNDARIA - NOMBRES PERSONALES |
| Nombre personal |
Saravia Madrigal, Manuel |
| 9 (RLIN) |
27523 |
| 700 1# - ENTRADA SECUNDARIA - NOMBRES PERSONALES |
| Nombre personal |
Tremiño San Emeterio, Cristina |
| 9 (RLIN) |
27524 |
| 700 ## - ENTRADA SECUNDARIA - NOMBRES PERSONALES |
| Nombre personal |
Rivas, Juan Luis de las |
| 9 (RLIN) |
27525 |
| 908 ## - SOPORTE |
| Soporte |
Imp |
| 942 ## - FUENTE DE CLASIFICACION |
| Clasificacion |
Universal Decimal Classification |
| Tipo de item |
Libro |
| 945 ## - INFORMACION DE PROCESAMIENTO |
| Fecha de ingreso o modificacion |
2025-10-27 |
| 980 ## - DECLARACIÓN DE EQUIVALENCIA O SERIE DE REFERENCIA CRUZADA - NOMBRE / TÍTULO PERSONAL [LOCAL, CANADÁ] |
| Código del operador |
5 |
| Nombre del operador |
María Machado |
| Código del operador que modifico el registro |
3 |
| Nombre del operador que modifico el registro |
Germán Grimolizzi |